[Event "Reykjavik Open 2026"]
[Site "Reykjavik ISL"]
[Date "2026.03.28"]
[Round "5.18"]
[White "Singh, Siddharth"]
[Black "Tsolakidou, Stavroula"]
[Result "1/2-1/2"]
[BlackTitle "IM"]
[WhiteElo "2342"]
[BlackElo "2479"]
[WhiteFideId "39907023"]
[BlackFideId "4264312"]
[EventDate "2026.03.25"]

1. e4 e6 2. d4 d5 3. Nd2 c5 4. exd5 Qxd5 5. Ngf3 cxd4 6. Bc4 Qd7 7. O-O Nc6 8.
Nb3 a6 9. Nbxd4 Nxd4 10. Nxd4 Qc7 11. Bd3 Nf6 12. Re1 Bd6 13. h3 Bh2+ 14. Kh1
Bf4 15. Bxf4 Qxf4 16. Nf3 O-O 17. Qe2 b6 18. Qe5 Qxe5 19. Nxe5 Bb7 20. a4 Rfd8
21. Nc4 Nd5 22. Be4 Rab8 23. Rad1 Bc6 24. a5 b5 25. Nb6 Ne7 26. Bxc6 Nxc6 27.
Nd7 Ra8 28. Nb6 Rxd1 29. Rxd1 Re8 30. Rd7 Nxa5 31. Ra7 Nc4 32. Nxc4 bxc4 33. Rc7
Rb8 34. Rxc4 g5 35. b3 Rb5 36. Kg1 Kg7 37. h4 h6 38. Kf1 Re5 39. hxg5 hxg5 40.
f3 f5 41. Kf2 Kf6 42. g3 a5 43. Rc6 Ke7 44. Ra6 Kf6 45. f4 gxf4 46. gxf4 Rb5 47.
Ke3 Ke7 48. Kd3 Kd7 49. Kd4 Ke7 50. Kd3 Kd7 51. Kd4 Ke7 52. Kc4 Rb4+ 53. Kc5
Rxf4 54. Rxa5 Rf1 55. c4 f4 56. Kd4 Re1 57. Kd3 f3 58. Ra2 e5 59. Rf2 e4+ 60.
Kd2 Rb1 61. Ke3 Re1+ 62. Kd2 Rb1 63. Ke3 Re1+ 1/2-1/2

[Event "Reykjavik Open 2026"]
[Site "Reykjavik ISL"]
[Date "2026.03.28"]
[Round "5.19"]
[White "Kejna, Piotr"]
[Black "Batsiashvili, Nino"]
[Result "1/2-1/2"]
[WhiteTitle "FM"]
[BlackTitle "GM"]
[WhiteElo "2310"]
[BlackElo "2472"]
[WhiteFideId "21821704"]
[BlackFideId "13602993"]
[EventDate "2026.03.25"]

1. e4 e5 2. Nf3 Nc6 3. Nc3 Nf6 4. d4 exd4 5. Nxd4 Bc5 6. Be3 Bb6 7. Qd2 O-O 8.
O-O-O Re8 9. f3 d5 10. Nxc6 bxc6 11. Bxb6 axb6 12. exd5 Nxd5 13. Bc4 Be6 14.
Nxd5 cxd5 15. Bxd5 Bxd5 16. Qxd5 Qxd5 17. Rxd5 Rxa2 18. Rhd1 g6 19. c3 Kg7 20.
Kc2 h5 21. Kb3 Raa8 22. R1d2 Re7 23. Kb4 Kf6 24. h4 Ra1 25. Kb5 Re6 26. Rd7 Ra5+
27. Kb4 Re7 28. Rxe7 Kxe7 29. Kc4 Re5 30. b4 b5+ 31. Kd4 Kd6 32. c4 bxc4 33.
Kxc4+ Kc6 34. Rc2 Re1 35. f4 Kb7 36. g3 Re4+ 37. Kb3 Re3+ 38. Rc3 Rxc3+ 39. Kxc3
Kb6 40. Kc4 Kc6 41. b5+ Kb6 42. Kb4 c5+ 43. bxc6 Kxc6 44. Kc4 Kd6 45. Kd4 Ke6
46. Ke4 Kf6 47. f5 g5 48. hxg5+ Kxg5 49. Ke5 Kg4 50. Kf6 Kxg3 51. Kxf7 h4 52. f6
h3 53. Kg8 h2 54. f7 h1=Q 1/2-1/2

[Event "Reykjavik Open 2026"]
[Site "Reykjavik ISL"]
[Date "2026.03.28"]
[Round "5.20"]
[White "Lavrencic, Matic"]
[Black "Llari, Marc"]
[Result "1-0"]
[WhiteTitle "IM"]
[BlackTitle "FM"]
[WhiteElo "2472"]
[BlackElo "2300"]
[WhiteFideId "14637847"]
[BlackFideId "651044269"]
[EventDate "2026.03.25"]

1. e4 c6 2. d4 d5 3. e5 Bf5 4. h4 h5 5. c4 e6 6. Nc3 Ne7 7. Nge2 dxc4 8. Ng3 Nd7
9. Bg5 f6 10. exf6 gxf6 11. Be3 b5 12. a4 Qb8 13. Be2 b4 14. Nce4 Nd5 15. Bxh5+
Kd8 16. Qf3 Bxe4 17. Nxe4 Bh6 18. O-O Nxe3 19. fxe3 f5 20. Ng5 Bxg5 21. hxg5 Qd6
22. Rac1 Nb6 23. a5 Nd5 24. Rxc4 Kd7 25. Rfc1 Rac8 26. Bf7 Rh4 27. Kf2 f4 28. e4
Ne7 29. g6 e5 30. d5 cxd5 31. Rxc8 Nxc8 32. exd5 Ne7 33. Be6+ Kd8 34. g7 Ng8 35.
Bxg8 e4 36. Be6 e3+ 37. Kg1 1-0

[Event "Reykjavik Open 2026"]
[Site "Reykjavik ISL"]
[Date "2026.03.28"]
[Round "5.21"]
[White "Willy, Stephen"]
[Black "Agmanov, Zhandos"]
[Result "1/2-1/2"]
[WhiteTitle "FM"]
[BlackTitle "IM"]
[WhiteElo "2290"]
[BlackElo "2463"]
[WhiteFideId "30981468"]
[BlackFideId "13708309"]
[EventDate "2026.03.25"]

1. e4 e5 2. Nf3 Nc6 3. Nc3 Nf6 4. d4 exd4 5. Nxd4 Bb4 6. Nxc6 bxc6 7. Bd3 d5 8.
exd5 O-O 9. O-O cxd5 10. h3 Re8 11. Qf3 c6 12. Bf4 Bd6 13. Rfe1 Be6 14. a3 Qb8
15. Bxd6 Qxd6 16. Ne2 c5 17. Qf4 Qb8 18. b3 c4 19. bxc4 dxc4 20. Be4 Qxf4 21.
Nxf4 Rab8 22. Bc6 Rec8 23. Nxe6 Rxc6 24. Nd4 Rd6 25. Nf5 Rd2 1/2-1/2

[Event "Reykjavik Open 2026"]
[Site "Reykjavik ISL"]
[Date "2026.03.28"]
[Round "5.22"]
[White "Siva, Mahadevan"]
[Black "Moor, Olivier"]
[Result "1-0"]
[WhiteTitle "IM"]
[BlackTitle "IM"]
[WhiteElo "2454"]
[BlackElo "2290"]
[WhiteFideId "25043153"]
[BlackFideId "1303112"]
[EventDate "2026.03.25"]

1. e4 e6 2. d4 d5 3. e5 c5 4. c3 Nc6 5. Nf3 Bd7 6. Be2 Rc8 7. O-O a6 8. Na3 cxd4
9. cxd4 Bxa3 10. bxa3 Nge7 11. Rb1 Na5 12. a4 Bc6 13. Bd3 h6 14. Re1 Nc4 15. h4
Rc7 16. Nd2 Nf5 17. h5 Qd7 18. Qg4 Kf8 19. Nb3 Qc8 20. a5 Bb5 21. Qf4 Ne7 22.
Nc5 Nxa5 23. Bxb5 axb5 24. Rxb5 Nc4 25. Rb3 Ke8 26. Rf3 Rf8 27. Qg4 Rg8 28. Nb3
b6 29. Kh2 Qa6 30. a3 Qa4 31. Qf4 Rf8 32. Bd2 Nxd2 33. Nxd2 Rc2 34. Rb1 Qa5 35.
Nf1 Nf5 36. Ne3 Nxe3 37. fxe3 Rc3 38. Qg4 Rxa3 39. Qxg7 Ra1 40. Rff1 Rxb1 41.
Rxb1 b5 42. Qxh6 Qd8 43. Qf6 Qb8 44. Rb4 Kd7 45. Qf1 1-0

[Event "Reykjavik Open 2026"]
[Site "Reykjavik ISL"]
[Date "2026.03.28"]
[Round "5.23"]
[White "Tamas, Christian-Arrydan"]
[Black "Tutisani, Noe"]
[Result "1-0"]
[WhiteTitle "FM"]
[BlackTitle "IM"]
[WhiteElo "2287"]
[BlackElo "2454"]
[WhiteFideId "1283740"]
[BlackFideId "13602853"]
[EventDate "2026.03.25"]

1. d4 Nf6 2. c4 e6 3. Nf3 b6 4. a3 Bb7 5. Nc3 Ne4 6. Nxe4 Bxe4 7. Nd2 Bb7 8. e4
g6 9. Bd3 Bg7 10. Nf3 O-O 11. O-O d6 12. Bg5 f6 13. Be3 d5 14. cxd5 exd5 15. e5
fxe5 16. Nxe5 c5 17. Qg4 Bc8 18. Qg3 Bf5 19. Be2 Nd7 20. f4 Rc8 21. Rad1 Nxe5
22. fxe5 Qd7 23. Bf3 c4 24. Bd2 a5 25. h4 h5 26. Rf2 Kh7 27. Qg5 Bd3 28. g4 Rxf3
29. Rxf3 Be2 30. Rdf1 Qxg4+ 31. Qxg4 hxg4 32. Rf7 Bxf1 33. Kxf1 Rf8 34. Rxf8
Bxf8 35. Bg5 c3 36. bxc3 Bxa3 37. c4 dxc4 38. d5 c3 39. d6 c2 40. Ke2 g3 41. Kf3
Kg7 42. d7 Be7 43. Bxe7 c1=Q 44. Bf6+ Kf7 45. d8=Q Qc3+ 46. Kg4 Qc4+ 47. Kh3
Qf1+ 48. Kxg3 Qe1+ 49. Kf3 Qc3+ 50. Ke4 Qc2+ 51. Qd3 Qg2+ 52. Kd4 Qg1+ 53. Kd5
Qc5+ 54. Ke4 Qb4+ 55. Qd4 Qb1+ 56. Kd5 Ke8 57. Kc6 1-0

[Event "Reykjavik Open 2026"]
[Site "Reykjavik ISL"]
[Date "2026.03.28"]
[Round "5.24"]
[White "Loncke, Matthieu"]
[Black "Sklokin, Sergey"]
[Result "0-1"]
[BlackTitle "FM"]
[WhiteElo "2263"]
[BlackElo "2414"]
[WhiteFideId "45197148"]
[BlackFideId "55730230"]
[EventDate "2026.03.25"]

1. d4 d5 2. c4 e6 3. Nc3 Nf6 4. Bg5 Be7 5. e3 O-O 6. Nf3 h6 7. Bh4 b6 8. Qb3 Bb7
9. Bxf6 Bxf6 10. cxd5 exd5 11. Rd1 a5 12. Be2 Na6 13. O-O Qd6 14. Rfe1 Rfe8 15.
a3 Rad8 16. Rc1 Re7 17. Bxa6 Bxa6 18. Nb5 Qd7 19. Nxc7 Bc4 20. Qxb6 a4 21. Rxc4
dxc4 22. Nb5 Re6 23. Qa5 Qb7 24. Qxa4 Rc8 25. Nc3 Qxb2 26. Qb4 Rb6 27. Qxb2 Rxb2
28. Kf1 Rc2 29. Nd5 c3 30. Nb4 Rb2 31. Rc1 Kf8 32. Ne1 Be7 33. Nec2 Ra8 34. Nd3
Rb3 35. Ndb4 Bxb4 36. axb4 Ra2 37. Ke2 Rxb4 38. Kd3 Rb6 39. e4 h5 40. Re1 h4 41.
Re2 Rc6 42. d5 Rc8 43. e5 Rb2 44. Re4 g5 45. Re2 Ke7 46. h3 Kd7 47. e6+ fxe6 48.
Rxe6 Rb1 49. Ne3 c2 50. Nxc2 Rd1+ 51. Ke2 Rxd5 52. Rf6 Rxc2+ 53. Kf3 Ke7 0-1

[Event "Reykjavik Open 2026"]
[Site "Reykjavik ISL"]
[Date "2026.03.28"]
[Round "5.25"]
[White "Roubalik, Jakub"]
[Black "Todmunkh, Turbat"]
[Result "0-1"]
[WhiteTitle "IM"]
[WhiteElo "2316"]
[BlackElo "1880"]
[WhiteFideId "322237"]
[BlackFideId "4925084"]
[EventDate "2026.03.25"]

1. d4 Nf6 2. c4 a6 3. Nf3 b5 4. e3 bxc4 5. Bxc4 d5 6. Bd3 e6 7. O-O Be7 8. b3
O-O 9. Bb2 Nbd7 10. Nbd2 Bb7 11. Rc1 Rc8 12. Qe2 c5 13. Ne5 Nxe5 14. dxe5 Nd7
15. f4 Qb6 16. Ba1 g6 17. Kh1 Bc6 18. e4 f5 19. exf6 Bxf6 20. Bxf6 Nxf6 21. f5
dxe4 22. Bc4 Bd5 23. fxg6 hxg6 24. Rc3 Kg7 25. Rg3 Qd6 26. Qe3 Nh5 27. Qc3+ Kh7
28. Re1 Nxg3+ 29. Qxg3 Qxg3 30. hxg3 e3 31. Rxe3 Rf2 32. Ne4 Rxa2 33. Nf6+ Kg7
34. Nxd5 Ra1+ 0-1

[Event "Reykjavik Open 2026"]
[Site "Reykjavik ISL"]
[Date "2026.03.28"]
[Round "5.26"]
[White "Briem, Benedikt"]
[Black "Helgadottir, Idunn"]
[Result "1-0"]
[WhiteTitle "CM"]
[BlackTitle "WCM"]
[WhiteElo "2233"]
[BlackElo "1831"]
[WhiteFideId "2315432"]
[BlackFideId "2314118"]
[EventDate "2026.03.25"]

1. d4 d5 2. c4 e6 3. Nf3 Nf6 4. g3 Ne4 5. Bg2 Be7 6. O-O f5 7. Qc2 c6 8. Nc3 Nd7
9. Nxe4 fxe4 10. Ne5 O-O 11. Nxd7 Bxd7 12. Bf4 Bf6 13. Rad1 g5 14. Bd6 Rf7 15.
f3 Be8 16. c5 exf3 17. exf3 Rg7 18. Bh3 Qd7 19. Rfe1 Bf7 20. Be5 Bxe5 21. Rxe5
Re8 22. Rde1 Rg6 23. Qe2 Kh8 24. Bg4 h6 25. b4 Rf6 26. a4 a6 27. Kg2 Re7 28. Qe3
Qe8 29. h4 gxh4 30. Rh1 Qf8 31. Rxh4 Bg8 32. Reh5 Rh7 33. Qe5 Qg7 34. Bh3 Rg6
35. Qxg7+ Kxg7 36. f4 Bf7 37. Kf2 Rf6 38. Re5 Rh8 39. Bg4 Re8 40. Rh1 Bg6 41.
Rhe1 Be4 42. Re2 Re7 43. Rb2 Bd3 44. Re3 Be4 45. b5 axb5 46. axb5 e5 47. dxe5
Rxe5 48. bxc6 bxc6 49. Rb7+ Kf8 50. Ra3 Re8 51. Bd7 Rd8 52. Ke3 Rg6 53. Kd4 h5
54. f5 Rh6 55. Ke5 Bg2 56. Be6 Rh8 57. Raa7 Re8 58. Rf7+ Kg8 59. Rg7+ Kf8 60.
Raf7# 1-0

[Event "Reykjavik Open 2026"]
[Site "Reykjavik ISL"]
[Date "2026.03.28"]
[Round "5.27"]
[White "Lu, Karson"]
[Black "Sivanandan, Bodhana"]
[Result "0-1"]
[BlackTitle "WIM"]
[WhiteElo "1827"]
[BlackElo "2268"]
[WhiteFideId "2661756"]
[BlackFideId "497592"]
[EventDate "2026.03.25"]

1. e4 e5 2. Nf3 Nf6 3. Nc3 Nc6 4. a3 d5 5. Bb5 Nxe4 6. Qe2 Qd6 7. Nxe4 dxe4 8.
Qxe4 Bd7 9. O-O O-O-O 10. Bxc6 Bxc6 11. Qf5+ Rd7 12. Re1 f6 13. d4 e4 14. Bf4
Qd5 15. Qxd5 Bxd5 16. Nd2 g5 17. Bg3 f5 18. Be5 Rg8 19. g4 fxg4 20. Nxe4 Bxe4
21. Rxe4 h5 22. Rae1 Rf7 23. Bg3 Kd7 24. c4 Bg7 25. Be5 Bh6 26. d5 Bf8 27. b4 b6
28. Bg3 Rg6 29. Re6 Rgf6 30. Rxf6 Rxf6 31. Be5 Rf3 32. Re3 a5 33. Bc3 Rf4 34. c5
Rf5 35. c6+ Kd6 36. bxa5 bxa5 37. Bxa5 Kxd5 38. Bxc7 Kxc6 39. Re5 Rf3 40. Rxg5
Kxc7 41. Rxh5 Be7 42. Kg2 Rxa3 43. Re5 Bh4 44. Re4 Ra2 45. Rxg4 Bxf2 46. Kf3 Bc5
47. h4 Kd6 48. h5 Rh2 49. Rg5 Bd4 50. Ke4 Bf6 51. Ra5 Rh4+ 52. Kf3 Be5 53. h6
Ke6 54. Ra6+ Kf5 55. Rc6 Ra4 56. Rc2 Ra3+ 57. Kg2 Ra6 58. Rc4 Rxh6 59. Kf3 Rh3+
60. Ke2 Bc3 61. Kd1 Ke5 62. Ke2 Bd4 63. Rc8 Ke4 64. Re8+ Be5 65. Rf8 Rh7 66. Re8
Rh2+ 67. Ke1 Ra2 68. Re7 Kd5 69. Rd7+ Kc4 70. Kf1 Bd4 71. Rd8 Kd3 72. Re8 Rf2+
73. Ke1 Rf5 74. Kd1 Rf1+ 75. Re1 Rf2 76. Re8 Rb2 77. Rc8 Bb6 78. Rc6 Be3 79.
Rd6+ Bd4 80. Rc6 Rd2+ 81. Kc1 Ra2 82. Kd1 Rg2 83. Re6 Rb2 84. Rc6 Rb5 85. Rc8
Bb6 86. Rc1 Rg5 87. Rc2 Rb5 0-1

[Event "Reykjavik Open 2026"]
[Site "Reykjavik ISL"]
[Date "2026.03.28"]
[Round "5.28"]
[White "Chilton, James I"]
[Black "Vojtek, Vladimir"]
[Result "0-1"]
[BlackTitle "FM"]
[WhiteElo "1790"]
[BlackElo "2211"]
[WhiteFideId "423009"]
[BlackFideId "14901919"]
[EventDate "2026.03.25"]

1. d4 d5 2. c4 e6 3. Nc3 a6 4. cxd5 exd5 5. Bf4 Nf6 6. Nf3 c5 7. e3 Nc6 8. a3
Bg4 9. dxc5 Bxc5 10. Be2 O-O 11. O-O Rc8 12. Rc1 h6 13. Bg3 Be7 14. h3 Be6 15.
Re1 Ne4 16. Nxe4 dxe4 17. Nd2 Qb6 18. Bc4 Bxc4 19. Nxc4 Qb5 20. Qg4 f5 21. Qh5
Rcd8 22. Red1 Rxd1+ 23. Qxd1 Rd8 24. Qh5 Qd5 25. Bc7 Rf8 26. Qd1 Qe6 27. Nb6 Rf7
28. Qd5 Qxd5 29. Nxd5 Bf8 30. Rd1 g6 31. Kf1 Kg7 32. Ke2 Rd7 33. Ke1 Kf7 34. Ke2
g5 35. Ke1 Ke6 36. Nf4+ gxf4 37. Rxd7 Kxd7 38. Bxf4 Ke6 39. Kd2 Ne7 40. Kc2 Nd5
41. Bg3 Bd6 42. Bxd6 Kxd6 43. g3 Nf6 44. Kc3 Kd5 45. Kb4 Nd7 46. Kb3 Nc5+ 47.
Kc3 Nd3 0-1

[Event "Reykjavik Open 2026"]
[Site "Reykjavik ISL"]
[Date "2026.03.28"]
[Round "5.29"]
[White "Magzumov, Damirali"]
[Black "Mannion, Stephen R"]
[Result "0-1"]
[BlackTitle "IM"]
[WhiteElo "1782"]
[BlackElo "2202"]
[WhiteFideId "13727117"]
[BlackFideId "2400111"]
[EventDate "2026.03.25"]

1. e4 e5 2. Nf3 Nc6 3. Bb5 a6 4. Ba4 Nf6 5. O-O Be7 6. Re1 b5 7. Bb3 d6 8. c3
O-O 9. h3 Na5 10. Bc2 c5 11. d4 Nd7 12. Nbd2 exd4 13. cxd4 Nc6 14. d5 Nce5 15.
Nxe5 Nxe5 16. f4 Ng6 17. Nf3 Bh4 18. f5 Bxe1 19. fxg6 Bg3 20. gxf7+ Rxf7 21. e5
Bxe5 22. Ng5 g6 23. Nxf7 Kxf7 24. Be3 Kg8 25. Qd2 Ra7 26. Bg5 Qe8 27. Re1 Rf7
28. Kh1 Qf8 29. Rxe5 dxe5 30. d6 Bb7 31. Bh6 Rf2 32. Qg5 Rxg2 0-1

[Event "Reykjavik Open 2026"]
[Site "Reykjavik ISL"]
[Date "2026.03.28"]
[Round "5.30"]
[White "Bedard, Maxime"]
[Black "Zhang, Jiabao"]
[Result "0-1"]
[WhiteElo "1768"]
[BlackElo "2184"]
[WhiteFideId "2632896"]
[BlackFideId "8606560"]
[EventDate "2026.03.25"]

1. e4 c5 2. Nc3 Nc6 3. Bb5 e5 4. Bxc6 dxc6 5. d3 Bd6 6. h3 Be6 7. b3 h6 8. Nge2
Ne7 9. O-O Ng6 10. Ng3 Qd7 11. Nf5 Bxf5 12. exf5 Qxf5 13. Ne4 Be7 14. Qg4 Qxg4
15. hxg4 O-O-O 16. a4 a5 17. Nd2 h5 18. f3 Kc7 19. Nc4 b6 20. Bb2 f6 21. g5 h4
22. Rae1 b5 23. Nd2 fxg5 24. Bxe5+ Nxe5 25. Rxe5 Bf6 26. Re6 c4 27. bxc4 bxa4
28. Ne4 Bb2 29. Re7+ Kc8 30. c5 a3 31. Ra7 Kb8 32. Rxa5 Rd7 33. Ra4 Ra7 34. Rxa7
Kxa7 35. Nd2 a2 36. Nb3 Rb8 37. Na5 Bd4+ 38. Kh2 Rb1 0-1

[Event "Reykjavik Open 2026"]
[Site "Reykjavik ISL"]
[Date "2026.03.28"]
[Round "5.31"]
[White "Pleschke, Julius Jonas"]
[Black "Ernisson, Petur Ulfar"]
[Result "1-0"]
[WhiteTitle "CM"]
[WhiteElo "2208"]
[BlackElo "1738"]
[WhiteFideId "54734258"]
[BlackFideId "2326116"]
[EventDate "2026.03.25"]

1. Nf3 Nf6 2. g3 g6 3. Bg2 Bg7 4. O-O O-O 5. d4 d6 6. a4 c5 7. dxc5 dxc5 8. Qxd8
Rxd8 9. c3 Nc6 10. Be3 Na5 11. Bxc5 Nb3 12. Bxe7 Re8 13. Ra3 Be6 14. Bxf6 Bxf6
15. Nbd2 Nxd2 16. Nxd2 Rad8 17. Nf3 Bc4 18. Re1 Rxe2 19. Rxe2 Bxe2 20. Ra1 Bxf3
21. Bxf3 Rd2 22. Rb1 b6 23. Kf1 Kf8 24. Ke1 Rxb2 25. Rxb2 Bxc3+ 26. Rd2 Bxd2+
27. Kxd2 Ke7 28. Kc3 Kd6 29. Kd4 a6 30. Be2 a5 31. Bc4 f6 32. f4 h6 33. Bd3 g5
34. f5 h5 35. h4 g4 36. Bb5 Ke7 37. Ke4 1-0

[Event "Reykjavik Open 2026"]
[Site "Reykjavik ISL"]
[Date "2026.03.28"]
[Round "5.32"]
[White "Zhang, Xiao"]
[Black "Yilmaz, Mustafa"]
[Result "0-1"]
[WhiteTitle "WIM"]
[BlackTitle "GM"]
[WhiteElo "2164"]
[BlackElo "2582"]
[WhiteFideId "8610894"]
[BlackFideId "6302718"]
[EventDate "2026.03.25"]

1. d4 Nf6 2. c4 e6 3. Nf3 d5 4. Nc3 Bb4 5. cxd5 exd5 6. Bg5 h6 7. Bh4 Bf5 8. e3
Nbd7 9. Qb3 Ba5 10. Qa3 c6 11. Ne5 Bxc3+ 12. bxc3 Nxe5 13. dxe5 g5 14. Bxg5 hxg5
15. exf6 Qxf6 16. Qb4 Rh4 17. Qb3 O-O-O 18. Rd1 Be4 19. Rd2 g4 20. a4 Qe5 21.
Rb2 Rd7 22. Qb4 Qd6 23. Qd4 c5 24. Qg7 Bg6 25. c4 d4 26. exd4 Rh7 0-1

[Event "Reykjavik Open 2026"]
[Site "Reykjavik ISL"]
[Date "2026.03.28"]
[Round "5.33"]
[White "Amar, Elham"]
[Black "Pagan, Jonathan"]
[Result "1-0"]
[WhiteTitle "GM"]
[WhiteElo "2581"]
[BlackElo "2159"]
[WhiteFideId "1533533"]
[BlackFideId "30903017"]
[EventDate "2026.03.25"]

1. e4 e5 2. Nf3 Nc6 3. Bb5 a6 4. Ba4 Nf6 5. d3 b5 6. Bb3 Bc5 7. Nc3 h6 8. Nd5 d6
9. c3 Be6 10. O-O Bxd5 11. exd5 Ne7 12. Nh4 Qd7 13. Be3 Bxe3 14. fxe3 Qg4 15.
Qe1 O-O 16. e4 Nh7 17. a4 Qd7 18. Qg3 Rab8 19. a5 Rbd8 20. Bd1 c6 21. dxc6 Qxc6
22. Bb3 Ng5 23. Nf5 Nxf5 24. exf5 d5 25. Qxe5 Rfe8 26. Qd4 Nh7 27. Qb6 Qc8 28.
Rae1 Nf6 29. Bd1 Rxe1 30. Rxe1 Re8 31. Rxe8+ Qxe8 32. Kf1 Qe5 33. Qxa6 Qf4+ 34.
Ke2 Qg4+ 35. Kd2 Qf4+ 36. Kc2 Qa4+ 37. b3 Qa2+ 38. Kc1 Qa1+ 39. Kd2 d4 40. Qc8+
Kh7 41. Qc5 dxc3+ 42. Qxc3 Qa2+ 43. Kc1 Nd5 44. Qd4 Nf6 45. b4 Qxg2 46. Bb3 Qh1+
47. Kb2 Qxh2+ 48. Ka3 Qd2 49. Bxf7 Qc1+ 50. Qb2 Qd1 51. Bg6+ Kh8 52. Qc3 h5 53.
a6 Qa4+ 54. Kb2 Qxa6 55. Qc5 Kg8 56. Qe5 Qb6 57. Bxh5 Nxh5 58. Qe8+ Kh7 59.
Qxh5+ Kg8 60. Qe8+ Kh7 61. Qe4 Qf2+ 62. Kc3 Qf1 63. Kd4 Qf2+ 64. Kd5 Qb6 65.
Qh4+ Kg8 66. Qe7 Qb8 67. Qe6+ Kh8 68. Kc5 Qd8 69. d4 Kh7 70. d5 Qc7+ 71. Kxb5
Qb7+ 72. Kc5 Qa7+ 73. Qb6 Qe7+ 74. d6 Qe5+ 75. Kc6 Qxf5 76. d7 Qe4+ 77. Kc7 Qc4+
78. Qc5 Qf7 79. Kc8 Qe6 80. b5 1-0

[Event "Reykjavik Open 2026"]
[Site "Reykjavik ISL"]
[Date "2026.03.28"]
[Round "5.34"]
[White "Tiglon, Bryce"]
[Black "Liang, Hairan"]
[Result "1-0"]
[WhiteTitle "GM"]
[BlackTitle "CM"]
[WhiteElo "2550"]
[BlackElo "2150"]
[WhiteFideId "2087456"]
[BlackFideId "2620278"]
[EventDate "2026.03.25"]

1. e4 e5 2. Nf3 Nf6 3. d4 Nxe4 4. Bd3 d5 5. Nxe5 Nd7 6. O-O Nxe5 7. dxe5 Nc5 8.
Be2 Be7 9. Be3 O-O 10. c3 c6 11. Nd2 f6 12. exf6 Rxf6 13. Nf3 Bg4 14. h3 Bh5 15.
Rc1 Qf8 16. Bd4 Rh6 17. Be3 Rf6 18. Nd4 Bxe2 19. Qxe2 Re8 20. c4 Kh8 21. cxd5
cxd5 22. Qh5 Nd3 23. Rc3 Nxb2 24. Qxd5 Na4 25. Rc2 Bd6 26. Rfc1 b6 27. Nb5 Bb8
28. Nc7 Rd8 29. Qb3 Bxc7 30. Rxc7 Nc5 31. Qa3 h6 32. Rxa7 Kh7 33. Qc3 Rc8 34.
Bd4 Rf7 35. Qc2+ Kh8 36. Ra3 Rfc7 37. Rc3 Ne6 38. Qd2 Rxc3 39. Qxh6+ Kg8 40.
Qxe6+ Kh8 41. Rxc3 1-0

[Event "Reykjavik Open 2026"]
[Site "Reykjavik ISL"]
[Date "2026.03.28"]
[Round "5.35"]
[White "Kamp, Adrian"]
[Black "Can, Emre"]
[Result "0-1"]
[BlackTitle "GM"]
[WhiteElo "2136"]
[BlackElo "2541"]
[WhiteFideId "16222466"]
[BlackFideId "6302181"]
[EventDate "2026.03.25"]

1. e4 c5 2. Nc3 Nc6 3. Nge2 g6 4. d4 cxd4 5. Nxd4 Bg7 6. Nxc6 bxc6 7. Bc4 d6 8.
O-O Nf6 9. e5 dxe5 10. Qxd8+ Kxd8 11. Re1 Rb8 12. Be3 a5 13. Rad1+ Ke8 14. Bc5
Nd7 15. Ba7 Ra8 16. Be3 f5 17. Na4 e4 18. f3 Rf8 19. fxe4 f4 20. Bf2 Ne5 21. Bb3
Bg4 22. Rd2 Rf6 23. Nb6 Rb8 24. Nc4 Nxc4 25. Bxc4 Rd6 26. Rxd6 exd6 27. h3 Bh5
28. b3 Bc3 29. Rf1 g5 30. Be1 Bd4+ 31. Kh1 a4 32. g3 axb3 33. axb3 Be3 34. g4
Bg6 35. Bd3 Bd4 36. Kg2 Ke7 37. h4 h6 38. hxg5 hxg5 39. Rh1 Kf7 40. Kf3 Kg7 41.
Bd2 Re8 42. c3 Be5 43. b4 Ra8 44. b5 Ra2 45. Rd1 cxb5 46. Bxb5 Bf7 47. Bc6 Rc2
48. Be1 Bc4 49. Rd2 Rxc3+ 50. Kf2 Rc1 51. Bd5 Bc3 52. Rd1 Bxe1+ 53. Rxe1 Rxe1
54. Kxe1 Bxd5 55. exd5 Kf6 0-1

[Event "Reykjavik Open 2026"]
[Site "Reykjavik ISL"]
[Date "2026.03.28"]
[Round "5.36"]
[White "Lilliehook, Victor"]
[Black "Maze, Sebastien"]
[Result "0-1"]
[BlackTitle "GM"]
[WhiteElo "2128"]
[BlackElo "2530"]
[WhiteFideId "1752103"]
[BlackFideId "613762"]
[EventDate "2026.03.25"]

1. e4 c6 2. d4 d5 3. f3 e6 4. Nc3 Bb4 5. Bf4 Ne7 6. Qd3 O-O 7. Ne2 Nd7 8. O-O-O
b5 9. a3 Ba5 10. Bd6 Bc7 11. Bxc7 Qxc7 12. exd5 cxd5 13. Nxb5 Qb6 14. Nbc3 Ba6
15. Qd2 Rab8 16. Na4 Qd6 17. Nec3 Bxf1 18. Rhxf1 Qxh2 19. f4 Qg3 20. Rf3 Qg4 21.
Nc5 Nf6 22. Rg1 Rfc8 23. Nd3 h5 24. Ne5 Qf5 25. g4 hxg4 26. Rfg3 g6 27. Nxg4
Nxg4 28. Rxg4 Qf6 29. Ne2 Nf5 30. Kb1 Rb6 31. c3 Rcb8 32. b4 a5 33. Qd3 Ra8 34.
b5 a4 35. Ka2 Rab8 36. Rb1 Nd6 37. Rgg1 Rxb5 38. Qc2 Rb3 39. Qd3 Nc4 0-1

[Event "Reykjavik Open 2026"]
[Site "Reykjavik ISL"]
[Date "2026.03.28"]
[Round "5.37"]
[White "Harish, Neeraj"]
[Black "Prraneeth, Vuppala"]
[Result "0-1"]
[WhiteTitle "CM"]
[BlackTitle "GM"]
[WhiteElo "2121"]
[BlackElo "2515"]
[WhiteFideId "30958130"]
[BlackFideId "46622373"]
[EventDate "2026.03.25"]

1. e4 e5 2. Nf3 Nc6 3. Bb5 a6 4. Ba4 d6 5. O-O Bd7 6. c3 g6 7. d4 Bg7 8. Re1
Nge7 9. h3 O-O 10. Bc2 Qe8 11. a4 Kh8 12. dxe5 dxe5 13. Nbd2 a5 14. Nc4 f6 15.
Qe2 g5 16. Nfd2 Ng6 17. Nf1 Nf4 18. Qf3 Ne7 19. Ng3 Neg6 20. Bxf4 gxf4 21. Nf5
Rg8 22. Kh2 Be6 23. Nd2 Rd8 24. Rad1 Bf8 25. g3 Ne7 26. g4 Ng6 27. Qe2 Bc5 28.
Nf3 Qc6 29. Rf1 Qb6 30. Bd3 Bb3 31. Rd2 Rgf8 32. Kg2 Bxa4 33. Bc4 Bb3 34. Bxb3
Qxb3 35. Rfd1 Rxd2 36. Qxd2 Ne7 37. N3h4 Qc4 38. Nxe7 Bxe7 39. Nf5 Bd6 40. Nxd6
cxd6 41. Qd5 Qe2 42. Rd2 f3+ 43. Kg3 Qf1 44. Qxd6 Qg2+ 45. Kh4 Kg7 46. Qc7+ Rf7
47. Rd7 Kg6 48. Rxf7 Qxf2# 0-1

[Event "Reykjavik Open 2026"]
[Site "Reykjavik ISL"]
[Date "2026.03.28"]
[Round "5.38"]
[White "Rutkowski, Feliks"]
[Black "Yip, Carissa"]
[Result "0-1"]
[BlackTitle "IM"]
[WhiteElo "2103"]
[BlackElo "2486"]
[WhiteFideId "21064920"]
[BlackFideId "2090732"]
[EventDate "2026.03.25"]

1. e4 g6 2. d4 Bg7 3. Nc3 d6 4. g3 Nf6 5. Bg2 O-O 6. Nge2 e5 7. h3 Nbd7 8. Be3
c6 9. a4 b6 10. O-O Qc7 11. Qd2 Re8 12. Rae1 Ba6 13. Kh2 exd4 14. Bxd4 Nc5 15.
f3 Ne6 16. Be3 d5 17. exd5 Nxd5 18. Nxd5 cxd5 19. c3 Nc5 20. Bxc5 bxc5 21. Rg1
Rad8 22. Nf4 Be5 23. Kh1 Bb7 24. Re2 Bxf4 25. gxf4 Rxe2 26. Qxe2 Bc6 27. Qe5
Qxe5 28. fxe5 Bxa4 29. Ra1 Bc2 30. Rxa7 d4 31. cxd4 cxd4 32. f4 d3 33. Be4 Bb3 0-1